000 01352nam a2200433 i 4500
001 31389
003 KOSZ 005
005 20210212102035.0
008 980713s1997 pl a f |000 0 pol d
015 _aUWD 1997/10420
020 _a8386703636
035 _a991005013619705066
035 _a(PL-WaBN)b11316895-48omnis_nlop
035 _ab11316895
035 _a(OCoLC)750928220
035 _a(PL)b0000001131689
035 _a(EXLNZ-48OMNIS_NETWORK)9910087764805606
040 _aWA N
_cWA N
_dKOSZ 005/HR
046 _k1997
080 _a621.798
080 _a620.2
245 0 0 _aOpakowania :
_bwybrane zagadnienia /
_caut. Witold Nierzwicki [et al.].
260 _aGdynia :
_bWydaw. Wyższej Szkoły Morskiej,
_c1997.
300 _a148 s. :
_brys. ;
_c21 cm.
336 _aTekst
_btxt
_2rdacontent
337 _aBez urządzenia pośredniczącego
_bn
_2rdamedia
338 _aWolumin
_bnc
_2rdacarrier
380 _aKsiążki
388 _a1901-2000
388 _a1989-2000
504 _aBibliogr. s. 146-148.
650 7 _aOpakowania
_2DBN
650 7 _aTowaroznawstwo
658 _aInżynieria i technika
700 1 _aNierzwicki, Witold
_eAutor
856 _uhttp://koha.tu.koszalin.pl/cgi-bin/koha/opac-detail.pl?biblionumber=31689
_yKatalog online BPK
942 _2UKD
_cKS
999 _c31689
_d31689